01131cam a2200325 i 450000100090000000300040000900500170001300800410003001000170007102000180008802000290010602000260013504000280016104200080018905000260019708200190022310000280024224501990027025000200046926400300048930000410051933600260056033700280058633800270061450400530064165000170069470000320071170000280074370000340077120058386OSt20220723122450.0171011s2019 nyua b 001 0 eng  a 2017048641 a9789354491047 a9780133128901 (hardback) a0133128903 (hardback) aDLCbengcDLCerdadDLC apcc00aQA76.9.D343bT35 201900a006.312bTAN/I1 aTan, Pang-Ningeauthor.10aIntroduction to data mining /cPang-Ning Tan, Michigan State University, Michael Steinbach, University of Minnesota, Anuj Karpatne, University of Minnesota, Vipin Kumar, University of Minnesota. aSecond edition. 1aIndia :bPearson,c[2022] a 856 pages :billustrations ;c24 cm atextbtxt2rdacontent aunmediatedbn2rdamedia avolumebnc2rdacarrier aIncludes bibliographical references and indexes. 0aData mining.1 aSteinbach, Michaeleauthor.1 aKarpatne, Anujeauthor.1 aKumar, Vipin,d1956-eauthor.